000 00322nam a22001337a 4500
008 170605b xxu||||| |||| 00| 0 eng d
020 _a9780029197950
041 _aeng
080 _a94
100 _a18
101 _aSHH
245 _aTHE SOVIET TRAGEDY A HISTORY OF SOCIALISM IN RUSIA
_cMALIA.M
942 _2udc
_cBK
999 _c15941
_d15941